National Service Training Program : Civic Welfare Training Service (CWTS ) I, Literacy Training Service (LTS) I : a source book / (Record no. 4256)

MARC details
000 -LEADER
fixed length control field 01184nam a22003137a 4500
003 - CONTROL NUMBER IDENTIFIER
control field URS
005 - DATE AND TIME OF LATEST TRANSACTION
control field 20220117120233.0
008 - FIXED-LENGTH DATA ELEMENTS--GENERAL INFORMATION
fixed length control field 190704b ||||| |||| 00| 0 eng d
020 ## - INTERNATIONAL STANDARD BOOK NUMBER
International Standard Book Number 9789719968856
040 ## - CATALOGING SOURCE
Description conventions rda
Transcribing agency URS
Language of cataloging eng
050 ## - LIBRARY OF CONGRESS CALL NUMBER
Classification number LB 220.2
Item number .L5101 2013
100 ## - MAIN ENTRY--PERSONAL NAME
Personal name Lee, Sergio J.
245 ## - TITLE STATEMENT
Title National Service Training Program : Civic Welfare Training Service (CWTS ) I, Literacy Training Service (LTS) I : a source book /
Statement of responsibility, etc. written and compiled by Sergio J. Lee.
250 ## - EDITION STATEMENT
Edition statement Third edition. --
264 #1 - PRODUCTION, PUBLICATION, DISTRIBUTION, MANUFACTURE, AND COPYRIGHT NOTICE
Place of production, publication, distribution, manufacture Quezon City :
Name of producer, publisher, distributor, manufacturer C & E Publishing,
Date of production, publication, distribution, manufacture, or copyright notice 2013.
300 ## - PHYSICAL DESCRIPTION
Extent xiii, 187 pages :
Dimensions 26 cm
336 ## - CONTENT TYPE
Content type term text
Content type code txt
Source rdacontent
337 ## - MEDIA TYPE
Media type term unmediated
Media type code n
Source rdamedia
338 ## - CARRIER TYPE
Carrier type term volume
Carrier type code nc
Source rdacarrier
500 ## - GENERAL NOTE
General note Includes references.
650 ## - SUBJECT ADDED ENTRY--TOPICAL TERM
Topical term or geographic name entry element National service -- Study and teaching (Higher) -- Philippines.
650 ## - SUBJECT ADDED ENTRY--TOPICAL TERM
Topical term or geographic name entry element Military education -- Philippines.
650 ## - SUBJECT ADDED ENTRY--TOPICAL TERM
Topical term or geographic name entry element Service training -- Philippines.
650 ## - SUBJECT ADDED ENTRY--TOPICAL TERM
Topical term or geographic name entry element Student volunteers in social service -- Philippines.
650 ## - SUBJECT ADDED ENTRY--TOPICAL TERM
Topical term or geographic name entry element Student acivities -- Philippines.
650 ## - SUBJECT ADDED ENTRY--TOPICAL TERM
Topical term or geographic name entry element National service -- Philippines.
650 ## - SUBJECT ADDED ENTRY--TOPICAL TERM
Topical term or geographic name entry element Community and school -- Philippines.
942 ## - ADDED ENTRY ELEMENTS (KOHA)
Source of classification or shelving scheme Library of Congress Classification
Koha item type Filipiniana
Holdings
Withdrawn status Source of classification or shelving scheme Damaged status Not for loan Collection code Home library Current library Shelving location Date acquired Source of acquisition Total Checkouts Full call number Barcode Date last seen Price effective from Koha item type Copy number
  Library of Congress Classification     Non-fiction Antipolo College Library Antipolo College Library On Display 05/09/2018 Library Fund   LB 220.2 .L5101 2013 URSANT-04151 05/09/2018 05/09/2018 Filipiniana  
  Library of Congress Classification     Non-fiction Antipolo College Library Antipolo College Library On Display 05/09/2018 Library Fund   LB 220.2 .L5101 2013 URSANT-04152 05/09/2018 05/09/2018 Filipiniana  
  Library of Congress Classification     Non-fiction Antipolo College Library Antipolo College Library On Display 05/09/2018 Library Fund   LB 220.2 .L5101 2013 URSANT-04153 05/09/2018 05/09/2018 Filipiniana  
  Library of Congress Classification     Non-fiction Antipolo College Library Antipolo College Library On Display 05/09/2018 Library Fund   LB 220.2 .L5101 2013 URSANT-04154 05/09/2018 05/09/2018 Filipiniana  
  Library of Congress Classification     Non-fiction Antipolo College Library Antipolo College Library On Display 05/09/2018 Library Fund   LB 220.2 .L5101 2013 URSANT-04155 05/09/2018 05/09/2018 Filipiniana  
  Library of Congress Classification     Non-fiction Antipolo College Library Antipolo College Library On Display 05/09/2018 Library Fund   LB 220.2 .L5101 2013 URSANT-04156 05/09/2018 05/09/2018 Filipiniana  
  Library of Congress Classification     Non-fiction Antipolo College Library Antipolo College Library On Display 05/09/2018 Library Fund   LB 220.2 .L5101 2013 URSANT-04157 05/09/2018 05/09/2018 Filipiniana  
  Library of Congress Classification     Non-fiction Antipolo College Library Antipolo College Library On Display 05/09/2018 Library Fund   LB 220.2 .L5101 2013 URSANT-04158 05/09/2018 05/09/2018 Filipiniana  
  Library of Congress Classification     Non-fiction Antipolo College Library Antipolo College Library On Display 05/09/2018 Library Fund   LB 220.2 .L5101 2013 URSANT-04159 05/09/2018 05/09/2018 Filipiniana  
  Library of Congress Classification     Non-fiction Antipolo College Library Antipolo College Library On Display 05/09/2018 Library Fund   LB 220.2 .L5101 2013 URSANT-04160 05/09/2018 05/09/2018 Filipiniana  
  Library of Congress Classification       Rodriguez College Library Rodriguez College Library General Stacks 02/17/2022     FIL U 660.P6 .L5101 2019 URSROD-4897 02/17/2022 02/17/2022 Filipiniana 1

University of Rizal System
Email us at univlibservices@urs.edu.ph

Visit our Website www.urs.edu.ph/library